000 00840nam a2200217Ia 4500
001 16931
005 20260323123408.0
008 260306t2016||||xx |||||||||||||| ||und||
041 _aESP
082 _a657.3
_bM32
100 _aMayes, Timothy R.
_eAUT
245 0 _aAnálisis financiero con microsoft excel
260 _c2016
300 _axxiv, 520 páginas :
_c27 cm.
650 _aGEN
654 _aCCO
856 _uhttps://itmsp.museknowledge.com/UCSP?url=https://www.ebooks7-24.com:443/?il=2146&pg=1
_zVersión digital
856 _uhttps://0u213tpau-y-https-ebooks7--24-com.itmsp.museknowledge.com/biblioteca.aspx
_zVéase además: Base de datos Ebook7-24
856 _uhttps://0u20ftpc2-y-https-research-ebsco-com.itmsp.museknowledge.com/c/qxo6us/search
_zVéase además: Base de datos EBSCOhost
942 _cLIB
_dJUS
_fJUS
_2ddc
999 _c16931
_d16931